000 00475nam a2200181Ia 4500
001 11838
005 20260306162857.0
008 260306t2025||||xx |||||||||||||| ||spa||
041 _aESP
082 _aHR 200
_bENE-MAR 2025 PROYECCIÓN
110 _aUniversidad Loyola. Facultad de Teología
245 0 _aProyección :
_bteología y mundo actual
260 _c2025
300 _a102 páginas :
_c24 cm.
650 _aGEN
654 _aCHU
942 _cREV
_dJUS
_fJUS
_2ddc
_n
999 _c11838
_d11838